000 00452nam a2200193Ia 4500
008 210210b1947 xxu||||| |||| 00| 0 eng d
041 _aeng
082 _a822/1100
100 _aSIEDENT OPF (A R)
245 _aLast stronghold of big game
260 _aLondon
_bHodder and Stoughton Limited
_c1947
650 _astronghold
650 _aof
650 _aLast
650 _agame
650 _abig
690 _aEnglish Prose
906 _a013283
999 _c132148
_d132148